| 000 | 00652nam a22002057a 4500 | ||
|---|---|---|---|
| 999 |
_c12093 _d12093 |
||
| 003 | AR-CdUCM | ||
| 008 | 190405b ||||| |||| 00| 0 spa d | ||
| 040 |
_aMUNICIPALIDAD PROVINCIAL DEL CUSCO _cBIBLIOTECA MUNICIPAL DEL CUSCO |
||
| 082 |
_22ed _a869.33 / _bH89 / 1934 |
||
| 100 |
_aHuidobro, Vicente _916861 |
||
| 245 | _aLa próxima (historia que pasó en poco tiempo más) / | ||
| 260 |
_aSantiago de Chile : _bEdit. Walton, _c1934. |
||
| 300 |
_a157 páginas ; _c17 cm. |
||
| 505 | _aContenido: Novelas chilenas. | ||
| 650 |
_aNovelas chilenas _92077 |
||
| 650 |
_aChile _91150 |
||
| 650 |
_aSiglo XX _98 |
||
| 942 |
_2ddc _cLIBROS |
||
| 945 | _adavv | ||